Statistics for Historical Events and Figures #6

Click here to take the quiz!

General Stats

  • This quiz has been taken 20 times
  • The average score is 8 of 20

Answer Stats

DescriptionAnswer% Correct
Rural actress that became the First Lady of ArgentinaEva Peron
83%
The best known crossing point of the Berlin WallCheckpoint Charlie
72%
The most successful Soviet general in WWIIGeorgy Zhukov
67%
First openly gay elected official in California history, was assassinated after servingHarvey Milk
67%
The first prime minister of IndiaJawaharlal Nehru
67%
The first prime minister of IsraelDavid Ben-Gurion
61%
The first democratically elected president of PolandLech Walesa
50%
Attempt to give more freedoms to Czechoslovakia which ended in Soviet invasionPrague Spring
50%
Codename for the Axis invasion of the Soviet Union in WWIIOperation Barbarossa
44%
Book by Solzhenitsyn about the horrible labor camps established by the Soviet UnionThe Gulag Archipelago
44%
The overthrow of the communist regime in CzechoslovakiaVelvet Revolution
44%
A failed military coup of Germany by the Nazi PartyBeer Hall Putsch
28%
Writer of "If Beale Street Could Talk" and "Go Tell it on the Mountain"James Baldwin
28%
March for Afriacn American rights in D.C.March on Washington
22%
Communist politician in Czechoslovakia who caused the nation to be invaded by the Soviet UnionAlexander Dubcek
17%
Wrote "A People's History of the United States"Howard Zinn
17%
1956 attempt to overthrow the communist government in Hungary that was crushedHungarian Revolution
17%
Court case that made laws against biracial marriage illegalLoving v. Virginia
6%
Longest ruler of the Netherlands and first female billionaireQueen Wilhelmina
6%
Act that granted employees the right to form trade unions and go on strikesNational Labor Relations Act
0%

Score Distribution

Percentile by Number Answered

Percent of People with Each Score

Your Score History

You have not taken this quiz